[Event "S60221 Summer Series"]
[Site "CCLA"]
[Date "2016.07.31"]
[Round "?"]
[White "Smiley, William R."]
[Black "McLaughlin, Ed"]
[Result "0-1"]
[WhiteElo "1563"]
[BlackElo "1633"]

1. e4 c5 2. f4 e5 3. Nf3 d6 4. d3 Nc6 5. c3 g6 6. fxe5 dxe5 7. Be2 Bg7 8. 
O-O Nge7 9. Be3 b6 10. Qd2 f5 11. Bh6 O-O 12. Bxg7 Kxg7 13. Na3 f4 14. Nc4
Qc7 15. Qe1 h6 16. Rd1 g5 17. h3 Ng6 18. Kh1 b5 19. Ncd2 Be6 20. Nb3 Qe7 
21. Qf2 Bxb3 22. axb3 h5 23. Nxg5 Qxg5 24. Qxc5 Rf6 25. Qxb5 Raf8 26. Bf3 
Nh4 27. Rg1 Qg3 28. Rdf1 Nd8 29. Qc5 Nf7 30. Qf2 Ng5 31. Qxg3 fxg3 32. Be2
Rf2 33. Bf3 Nxh3 0-1

[Event "S60279 Premier Quad"]
[Site "CCLA"]
[Date "2017.01.07"]
[Round "?"]
[White "Anderson, Clarence"]
[Black "Thomas, Gerald K."]
[Result "1-0"]
[WhiteElo "1853"]
[BlackElo "1901"]

1. e4 e5 2. f4 Nc6 3. Nf3 d6 4. Bc4 Bg4 5. c3 Qd7 6. O-O f6 7. b4 Be6 8. 
Bb5 exf4 9. d4 d5 10. exd5 Bxd5 11. Re1+ Nge7 12. Bxf4 O-O-O 13. Nbd2 a6 
14. Ba4 b5 15. Bc2 Qg4 16. Bg3 Nf5 17. Bxf5+ Qxf5 18. a4 Bxf3 19. Nxf3 Kb7
20. Re2 bxa4 21. Rxa4 Nb8 22. Rea2 Bd6 23. Bf2 g5 24. Ra5 Qd7 25. d5 Rhf8 
26. Qd4 Kc8 27. Qa7 c5 28. Qxd7+ Rxd7 29. Bxc5 Bxc5+ 30. Rxc5+ Kb7 31. Nd4
Rd6 32. Ne6 Rc8 33. c4 Nd7 34. Rxc8 Kxc8 35. c5 Rxd5 36. Rxa6 Nb8 37. Ra7 
Rd7 38. Rxd7 Nxd7 39. Kf2 Kb7 40. b5 Ne5 41. Ke3 Ng4+ 42. Ke4 Nxh2 43. Kf5
h5 44. Kxf6 Ng4+ 45. Ke7 Ne3 46. Nxg5 Nxg2 47. Kd8 Nf4 48. c6+ 1-0

[Event "S60179 Regular Quad"]
[Site "CCLA"]
[Date "2016.05.12"]
[Round "?"]
[White "Acosta, Errol"]
[Black "Cornacchio, Patrick T."]
[Result "1-0"]
[WhiteElo "1490"]
[BlackElo "1600"]

1. e4 e5 2. f4 Nc6 3. Nf3 d6 4. Nc3 Nf6 5. d3 Bg4 6. Be2 Be7 7. O-O O-O 8.
 fxe5 dxe5 9. h3 Bxf3 10. Bxf3 Nd4 11. Nd5 Nxd5 12. exd5 Bc5 13. Be3 Nxc2 
14. Bxc5 Nxa1 15. Bxf8 Qxf8 16. Qxa1 Qc5+ 17. Kh1 Qd4 18. Qc1 Rc8 19. Be4 
Qb6 20. Qc3 c6 21. Qxe5 cxd5 22. Bxd5 Qb5 23. Bxf7+ 1-0

[Event "S67099 Gustafson Memorial Open"]
[Site "CCLA"]
[Date "2016.11.20"]
[Round "?"]
[White "Acosta, Errol"]
[Black "Buganza, Nathan J."]
[Result "1-0"]
[WhiteElo "1462"]
[BlackElo "1411"]

1. e4 e5 2. f4 d6 3. Bc4 Be6 4. Bxe6 fxe6 5. Nc3 Nf6 6. Nf3 d5 7. d3 exf4 
8. Bxf4 Bb4 9. O-O dxe4 10. dxe4 Bxc3 11. Qxd8+ Kxd8 12. bxc3 c6 13. Rad1+
Nbd7 14. Bg5 Ke7 15. e5 h6 16. exf6+ gxf6 17. Be3 a6 18. Nh4 Rhg8 19. g3 
Rad8 20. Bxh6 Ne5 21. Bf4 Ng6 22. Nxg6+ Rxg6 23. Rxd8 Kxd8 24. Rd1+ Ke7 
25. Bd6+ Kd7 26. Bb8+ Kc8 27. Ba7 Kc7 28. Rb1 Rg5 29. Bb6+ Kc8 30. c4 1-0

[Event "S60061 Winter Series"]
[Site "CCLA"]
[Date "2016.01.28"]
[Round "?"]
[White "Acosta, Errol"]
[Black "Laaman, Thomas"]
[Result "0-1"]
[WhiteElo "1490"]
[BlackElo "1633"]

1. e4 e5 2. f4 Bc5 3. Nf3 d6 4. Nc3 Nf6 5. d3 Nc6 6. f5 a6 7. Qe2 O-O 8. 
Bg5 Bb4 9. Qd2 Nd4 10. O-O-O Nxf3 11. gxf3 Bxc3 12. Qxc3 Nxe4 13. dxe4 
Qxg5+ 14. Kb1 Qd8 15. Bd3 Bd7 16. Rhg1 Bc6 17. Qd2 Qf6 18. Rg3 g6 19. Rdg1
Kh8 20. h4 gxf5 21. exf5 Rg8 22. Be4 Qxh4 23. R3g2 Bxe4 24. fxe4 Qxe4 25. 
f6 Rxg2 26. Rxg2 Rg8 27. Rxg8+ Kxg8 28. a3 Qg6 29. Qf2 h5 30. Ka2 Qg5 31. 
Qf3 c6 32. Qh3 Qg4 33. Qb3 Qe6 34. c4 b5 35. Qf3 Qxc4+ 36. Ka1 Qc1+ 37. 
Ka2 Qc4+ 38. Ka1 d5 39. Qg3+ Qg4 40. Qxe5 Qg6 41. Qe8+ Kh7 42. Qxc6 h4 43.
 Qxd5 h3 44. Qf3 Qg2 45. Qf5+ Kh6 46. Qc8 Qg1+ 47. Ka2 h2 48. Qh8+ Kg6 49.
 Qg7+ Kf5 50. Qxf7 h1=Q 51. Qd7+ Kxf6 52. Qd8+ Ke5 53. Qe7+ Kd4 54. Qb4+ 
Ke3 55. Qc3+ Ke4 56. Qc6+ Kd4 57. Qc3+ Kd5 58. Qd3+ Qd4 59. Qf5+ Qe5 60. 
Qd7+ Kc5 61. Qc8+ Qc6 62. Qf8+ Kb6 63. Qf2+ Kb7 64. Qf7+ Qec7 0-1

[Event "S67099 Gustafson Memorial Open"]
[Site "CCLA"]
[Date "2016.11.20"]
[Round "?"]
[White "Acosta, Errol"]
[Black "Hodgkins, Neil C."]
[Result "1-0"]
[WhiteElo "1462"]
[BlackElo "1462"]

1. e4 e5 2. f4 d5 3. exd5 f6 4. fxe5 fxe5 5. Nc3 a6 6. d3 Nf6 7. Nf3 Bd6 
8. Be2 Bf5 9. O-O Bc5+ 10. Kh1 Qd6 11. Ng5 g6 12. Nce4 Nxe4 13. dxe4 Qf8 
14. exf5 gxf5 15. Bh5+ Kd7 16. Rxf5 1-0

[Event "S60269 Regular Quad"]
[Site "CCLA"]
[Date "2016.08.12"]
[Round "?"]
[White "Acosta, Errol"]
[Black "Berger, Byron"]
[Result "1-0"]
[WhiteElo "1490"]
[BlackElo "1489"]

1. e4 e5 2. f4 d5 3. exd5 e4 4. d3 Nf6 5. dxe4 Nxe4 6. Nf3 Bc5 7. Qe2 Bf5 
8. Be3 O-O 9. Bxc5 Nxc5 10. Qf2 Qxd5 11. Nc3 Ne4 12. Nxd5 1-0

[Event "S60269 Regular Quad"]
[Site "CCLA"]
[Date "2016.08.12"]
[Round "?"]
[White "Hey, Brian"]
[Black "Berger, Byron"]
[Result "1-0"]
[WhiteElo "1687"]
[BlackElo "1489"]

1. e4 e5 2. f4 d5 3. exd5 e4 4. d3 Nf6 5. dxe4 Nxe4 6. Nf3 Bc5 7. Qe2 Bf5 
8. Nc3 Qe7 9. Be3 Nxc3 10. Bxc5 Qxe2+ 11. Bxe2 Nxd5 12. Bc4 Nd7 13. Bxd5 
Nxc5 14. O-O-O O-O 15. Rhe1 c6 16. Re5 Be6 17. Bxc6 bxc6 18. Rxc5 Bd5 19. 
Rd3 Rfe8 20. Kd2 Rad8 21. Ne5 Bxg2 22. Nxc6 Bxc6 23. Rxc6 h6 24. Rxd8 
Rxd8+ 25. Kc3 Kf8 26. Rc4 Re8 27. Rd4 Re2 28. Rd2 Re4 29. Rf2 Ke7 30. Kd3 
f5 31. Re2 Rxe2 32. Kxe2 g5 33. b4 gxf4 34. Kf3 1-0

[Event "S60189 Regular Quad"]
[Site "CCLA"]
[Date "2016.07.31"]
[Round "?"]
[White "Acosta, Errol"]
[Black "Berger, Byron"]
[Result "0-1"]
[WhiteElo "1490"]
[BlackElo "1489"]

1. e4 e5 2. f4 d5 3. exd5 e4 4. d3 Nf6 5. dxe4 Nxe4 6. Qe2 Qxd5 7. Bd2 Bc5
8. Be3 O-O 9. Nc3 Nxc3 10. bxc3 Re8 11. Rd1 Qc6 12. Rd3 Bf5 13. Nf3 Bxd3 
14. Nd4 Bxd4 15. Qg4 Qxc3+ 0-1

[Event "S60051 Winter Series"]
[Site "CCLA"]
[Date "2016.01.28"]
[Round "?"]
[White "Laaman, Thomas"]
[Black "Smiley, William R."]
[Result "0-1"]
[WhiteElo "1633"]
[BlackElo "1563"]

1. e4 e5 2. f4 exf4 3. Bc4 Nf6 4. Nc3 c6 5. Nf3 d5 6. exd5 cxd5 7. Bb5+ 
Bd7 8. d4 Bxb5 9. Nxb5 a6 10. Qe2+ Be7 11. Nc3 O-O 12. Bxf4 Re8 13. O-O 
Ba3 14. Qd3 Bxb2 15. Rab1 Bxc3 16. Qxc3 b5 17. Ne5 Ne4 18. Qb3 f6 19. Nd3 
g5 20. Bc1 Nc6 21. c3 Na5 22. Qb4 Nc4 23. Rd1 Qd7 24. Nc5 Qg4 25. Rf1 Ned2
26. Bxd2 Nxd2 27. Rxf6 Re2 28. Rf2 Rxf2 29. Kxf2 Qf5+ 0-1

[Event "S60269 Regular Quad"]
[Site "CCLA"]
[Date "2016.08.12"]
[Round "?"]
[White "Hey, Brian"]
[Black "Jimenez, Rachel"]
[Result "1-0"]
[WhiteElo "1687"]
[BlackElo "1366"]

1. e4 e5 2. f4 exf4 3. Nf3 d6 4. d4 g5 5. g3 Bg7 6. Nc3 g4 7. Nh4 f3 8. 
Be3 Ne7 9. Qd2 Nbc6 10. O-O-O O-O 11. h3 d5 12. hxg4 Bxg4 13. Bh3 h5 14. 
Bxg4 hxg4 15. Qh2 f6 16. Nf5 Nxf5 17. Qh7+ Kf7 18. Qxf5 dxe4 19. Nxe4 Qe7 
20. Ng5+ Ke8 21. Ne6 Rg8 22. Bf4 Nd8 23. Rhe1 Kf7 24. Ng5+ Ke8 25. Rxe7+ 
Kxe7 26. Re1+ Kf8 27. Qc5# 1-0

[Event "S67029 Gustafson Memorial Open"]
[Site "CCLA"]
[Date "2016.11.20"]
[Round "?"]
[White "Gredescul, Andrea"]
[Black "O'Keefe, Michael J."]
[Result "1/2-1/2"]
[WhiteElo "2166"]
[BlackElo "2074"]

1. e4 e5 2. f4 exf4 3. Nf3 Nf6 4. e5 Nh5 5. d4 d5 6. Be2 g5 7. c4 g4 8. 
O-O dxc4 9. Ne1 Nc6 10. Bxg4 Bxg4 11. Qxg4 Qxd4+ 12. Kh1 Ng7 13. Rxf4 h5 
14. Qe2 Qd7 15. Nc3 Ne6 16. Rxc4 O-O-O 17. Be3 Bg7 18. Rd1 Qe8 19. Rxd8+ 
Qxd8 20. Nf3 Qd7 21. Bg1 a6 22. a3 Kb8 23. Rh4 Bf8 24. h3 Be7 25. Re4 Rd8 
26. Be3 Qe8 27. b4 Kc8 28. Qc4 Qd7 29. Kh2 1/2-1/2

[Event "S67069 Gustafson Memorial Open"]
[Site "CCLA"]
[Date "2016.11.20"]
[Round "?"]
[White "Hey, Brian"]
[Black "Avery, Bryce"]
[Result "1-0"]
[WhiteElo "1668"]
[BlackElo "1637"]

1. e4 e5 2. f4 exf4 3. Nf3 d6 4. d4 g5 5. g3 g4 6. Nh4 f3 7. Be3 Nc6 8. 
Qd2 Be7 9. Nc3 Bxh4 10. gxh4 Qxh4+ 11. Bf2 Qe7 12. O-O-O Bd7 13. Nd5 Qd8 
14. h3 h5 15. hxg4 Bxg4 16. Bh4 f6 17. Qf4 Nce7 18. Nxf6+ Nxf6 19. Bxf6 
Rf8 20. Qh6 Qd7 21. Rxh5 O-O-O 22. Ra5 Kb8 23. Rd3 Qe6 24. e5 Ng8 25. Qe3 
Nxf6 26. d5 Qxe5 27. Qxa7+ Kc8 28. Re3 Qf4 29. Qa8+ Kd7 30. Bb5+ 1-0

[Event "S60179 Regular Quad"]
[Site "CCLA"]
[Date "2016.05.12"]
[Round "?"]
[White "Acosta, Errol"]
[Black "Williams, Rufus H."]
[Result "1-0"]
[WhiteElo "1490"]
[BlackElo "1375"]

1. e4 e5 2. f4 exf4 3. Nf3 g5 4. Nc3 g4 5. Ne5 d6 6. Nxg4 h5 7. Nf2 Nf6 8.
 Bc4 Qe7 9. O-O a6 10. d4 h4 11. Bxf4 b5 12. Bd3 Nc6 13. e5 Nh5 14. exd6 
cxd6 15. Re1 Be6 16. Be3 Bg7 17. d5 h3 18. dxe6 fxe6 19. Bg6+ Kd7 20. Bxh5
hxg2 21. Bg4 Be5 22. h3 Bg3 23. Nd5 Qe8 24. Nf6+ Ke7 25. Nxe8 Raxe8 26. 
Bg5+ Kd7 27. Qd5 Bxf2+ 28. Kxf2 g1=Q+ 29. Kxg1 Rhg8 30. Bxe6+ Rxe6 31. 
Qxe6+ Kc7 32. Qxg8 Kb6 33. Rad1 1-0

[Event "S60019 Regular Quad"]
[Site "CCLA"]
[Date "2016.01.27"]
[Round "?"]
[White "Acosta, Errol"]
[Black "Smiley, William R."]
[Result "1-0"]
[WhiteElo "1490"]
[BlackElo "1563"]

1. e4 e5 2. f4 exf4 3. Nf3 g5 4. Nc3 d6 5. Bc4 g4 6. d4 gxf3 7. Qxf3 Qh4+ 
8. Kf1 Qg4 9. Qf2 c6 10. Bxf4 Nd7 11. h3 Qg7 12. Ke2 Nb6 13. Bb3 Be6 14. 
Rhf1 Bxb3 15. axb3 Be7 16. d5 Kd7 17. dxc6+ bxc6 18. e5 d5 19. Rfd1 Bd8 
20. g4 Kc8 21. Qc5 Ne7 22. Nb5 a6 23. Nd6+ Kd7 24. Nb7 Nbc8 25. Qc3 Rg8 
26. Rd4 Rb8 27. e6+ fxe6 28. Bxb8 Nf5 29. Nc5+ Ke8 30. Nxe6 Nxd4+ 31. Nxd4
Qe7+ 32. Qe3 1-0

[Event "S60189 Regular Quad"]
[Site "CCLA"]
[Date "2016.07.31"]
[Round "?"]
[White "Williams, Rufus H."]
[Black "Martindale, Roger"]
[Result "1-0"]
[WhiteElo "1375"]
[BlackElo "1190"]

1. e4 e5 2. Nf3 a6 3. Bc4 b5 4. Bb3 h6 5. Nxe5 Rh7 6. Bxf7+ Ke7 7. Qh5 Nf6
8. Ng6+ Kd6 9. Qe5+ Kc6 10. Bd5+ Nxd5 11. Qxd5+ Kb6 12. d3 c6 13. Be3+ Kb7
14. Qf7 Qf6 15. Qxf8 d6 16. Qxf6 Nd7 17. Qxd6 Nf6 18. Qd8 Bd7 19. Qb6+ Kc8
20. Ne7# 1-0

[Event "S60241 Summer Series"]
[Site "CCLA"]
[Date "2016.07.31"]
[Round "?"]
[White "Williams, Rufus H."]
[Black "Martindale, Roger"]
[Result "1-0"]
[WhiteElo "1375"]
[BlackElo "1190"]

1. e4 e5 2. Nf3 d6 3. h3 c5 4. Bc4 h6 5. Nc3 b5 6. Bxb5+ Bd7 7. Bc4 Nf6 8.
 d3 Nc6 9. Nd5 Nd4 10. Nxd4 cxd4 11. O-O Nxd5 12. Bxd5 Rb8 13. f4 f6 14. 
Qh5+ 1-0

[Event "S60189 Regular Quad"]
[Site "CCLA"]
[Date "2016.07.31"]
[Round "?"]
[White "Martindale, Roger"]
[Black "Berger, Byron"]
[Result "0-1"]
[WhiteElo "1190"]
[BlackElo "1489"]

1. e4 e5 2. Nf3 d6 3. h3 f5 4. Nc3 Nf6 5. d3 Nc6 6. Be2 d5 7. Nxd5 Nxd5 8.
 exd5 Qxd5 9. c4 Qd6 10. a3 Be6 11. b4 O-O-O 12. O-O Nd4 13. Nxd4 Qxd4 14.
 Be3 Qd7 15. Bg5 Be7 16. h4 Bxg5 17. hxg5 Qe7 18. Qd2 Bxc4 19. Rac1 Bb5 
20. f3 e4 21. fxe4 fxe4 22. Qe3 Bxd3 23. Bg4+ Kb8 24. Rf5 Rhf8 25. Rxf8 
Rxf8 26. Rd1 Qd6 27. Qc5 Qxc5+ 28. bxc5 c6 29. Bd7 Kc7 30. Be6 e3 31. Rxd3
e2 32. Re3 Rf1+ 33. Kh2 e1=Q 34. Rxe1 Rxe1 35. Bg4 Re5 36. Bd1 Rxc5 37. a4
Rxg5 38. Kh3 c5 39. g4 c4 40. Bc2 h6 41. Bf5 Rxf5 42. gxf5 c3 43. Kh4 c2 
44. Kh5 c1=Q 0-1

[Event "S60189 Regular Quad"]
[Site "CCLA"]
[Date "2016.07.31"]
[Round "?"]
[White "Williams, Rufus H."]
[Black "Berger, Byron"]
[Result "0-1"]
[WhiteElo "1375"]
[BlackElo "1489"]

1. e4 e5 2. Nf3 d6 3. Bc4 f5 4. exf5 Bxf5 5. d3 Nf6 6. Bg5 h6 7. Nc3 hxg5 
8. Nxg5 Nc6 9. Nf7 Qd7 10. Nxh8 d5 11. Nxd5 Nxd5 12. Qh5+ g6 13. Nxg6 
O-O-O 14. Nxf8 Rxf8 15. O-O Nf4 16. Qd1 Nxg2 17. Kxg2 Bh3+ 18. Kh1 Nd4 19.
 Qh5 b5 20. Rae1 Qc6+ 21. f3 Bxf1 22. Qg4+ Kb8 23. Rxf1 bxc4 24. dxc4 Nxf3
25. h3 Nh4+ 26. Kh2 Rxf1 27. Qg8+ Kb7 28. Qd5 Qxd5 29. cxd5 Rd1 30. c4 
Rd2+ 31. Kg3 Ng6 32. Kg4 Rxb2 33. Kf5 Rxa2 34. Kxg6 e4 35. h4 e3 36. h5 e2
37. h6 e1=Q 38. h7 Qf1 0-1

[Event "S60241 Summer Series"]
[Site "CCLA"]
[Date "2016.07.31"]
[Round "?"]
[White "Bearce, Harold L."]
[Black "Martindale, Roger"]
[Result "1-0"]
[WhiteElo "1032"]
[BlackElo "1190"]

1. e4 e5 2. Nf3 d6 3. d4 Bd7 4. dxe5 Nc6 5. exd6 cxd6 6. Be3 h6 7. a3 a6 
8. Qd2 g5 9. b4 Bg7 10. c3 Nf6 11. Bd3 b5 12. O-O Ng4 13. Re1 Nxe3 14. 
Qxe3 Ne5 15. Rd1 Nxd3 16. Qxd3 O-O 17. Qxd6 Re8 18. Qxd7 Qxd7 19. Rxd7 
Rad8 20. Rxd8 Rxd8 21. Kf1 Kh7 22. Ke2 Kg6 23. Ra2 f6 24. Rc2 Re8 25. Ke3 
f5 26. Nfd2 f4+ 27. Ke2 Bd4 28. cxd4 Kh5 29. e5 g4 30. g3 f3+ 31. Kd3 Kg5 
32. Rc6 Ra8 33. Nb3 h5 34. d5 h4 35. e6 Rd8 36. Nd4 Rxd5 37. Rxa6 hxg3 38.
 hxg3 Kf6 39. Nc3 Rc5 40. Kd2 Ke5 41. bxc5 Kxd4 42. e7 1-0

[Event "S67129 Gustafson Memorial Open"]
[Site "CCLA"]
[Date "2016.11.20"]
[Round "?"]
[White "Bearce, Harold L."]
[Black "Martindale, Roger"]
[Result "0-1"]
[WhiteElo "1048"]
[BlackElo "1098"]

1. e4 e5 2. Nf3 d6 3. d4 Be7 4. dxe5 a6 5. Be3 h6 6. exd6 Qxd6 7. Bd3 Nc6 
8. O-O Ne5 9. h3 Nxd3 10. cxd3 Qg6 11. Nc3 Bxh3 12. Ne1 O-O-O 13. Nf3 
Qxg2# 0-1

[Event "S60189 Regular Quad"]
[Site "CCLA"]
[Date "2016.07.31"]
[Round "?"]
[White "Berger, Byron"]
[Black "Martindale, Roger"]
[Result "1-0"]
[WhiteElo "1489"]
[BlackElo "1190"]

1. e4 e5 2. Nf3 d6 3. d4 h6 4. dxe5 Nc6 5. exd6 cxd6 6. Nc3 a6 7. Bf4 Be6 
8. e5 d5 9. Nd4 g5 10. Nxe6 fxe6 11. Qh5+ Ke7 12. Bxg5+ Nf6 13. Bxf6+ Kd7 
14. Bxd8 Nxd8 15. O-O-O Be7 16. Bc4 Bg5+ 17. Kb1 b5 18. Bxd5 exd5 19. Nxd5
Kc6 20. Qg6+ Kc5 21. Qd6+ Kc4 22. b3# 1-0

[Event "S60259 Regular Quad"]
[Site "CCLA"]
[Date "2016.08.07"]
[Round "?"]
[White "Williams, Rufus H."]
[Black "Berger, Byron"]
[Result "1-0"]
[WhiteElo "1375"]
[BlackElo "1489"]

1. e4 e5 2. Nf3 d6 3. d4 f5 4. Bg5 Be7 5. Bxe7 Nxe7 6. Bc4 fxe4 7. Ng5 d5 
8. Bb3 h6 9. Nh3 O-O 10. O-O exd4 11. Qxd4 Nbc6 12. Qd1 Bxh3 13. gxh3 Ne5 
14. Nd2 Nf5 15. Bxd5+ Qxd5 16. Qe1 Qxd2 17. Qxe4 Rae8 18. Rfd1 Qxf2+ 19. 
Kxf2 Nd6+ 20. Ke3 Nxe4 21. Kxe4 Nc6+ 22. Kd5 Rd8+ 23. Kc5 Rxd1 24. Rxd1 
Rf2 25. c3 Rxb2 26. Rd7 Rxh2 27. Rxc7 Rxh3 28. Rxb7 Rxc3+ 29. Kd5 h5 30. 
Ke4 h4 31. Rd7 Rc1 32. Rd5 Nb4 33. Rh5 Nxa2 34. Kd3 Rh1 35. Ke3 g6 36. Rg5
Rg1 37. Rxg1 Kg7 38. Kf4 Kf6 39. Ra1 g5+ 40. Kg4 Nc3 41. Rxa7 Ne4 42. Ra6+
Kg7 43. Re6 Nf2+ 44. Kxg5 h3 45. Re7+ Kf8 46. Rh7 Kg8 47. Kg6 1-0

[Event "S60259 Regular Quad"]
[Site "CCLA"]
[Date "2016.08.07"]
[Round "?"]
[White "Vergara, Rene"]
[Black "Berger, Byron"]
[Result "0-1"]
[WhiteElo "1326"]
[BlackElo "1489"]

1. e4 e5 2. Nf3 d6 3. d4 f5 4. Nc3 fxe4 5. Nxe4 d5 6. Neg5 exd4 7. Nf7 
Kxf7 8. Ne5+ Ke8 9. Qh5+ Ke7 10. Bg5+ Nf6 11. Qf7+ Kd6 12. Bf4 Kc5 13. 
Nd3+ Kb6 14. c4 Qe7+ 15. Qxe7 Bxe7 16. cxd5 Nxd5 17. Bd2 c6 18. a4 Kc7 19.
 Nf4 Nxf4 20. Bxf4+ Bd6 21. Bxd6+ Kxd6 22. Bc4 Re8+ 23. Kd2 Be6 24. Rhe1 
Nd7 25. f4 Bxc4 0-1

[Event "S67059 Gustafson Memorial Open"]
[Site "CCLA"]
[Date "2016.11.20"]
[Round "?"]
[White "Catania, Duane"]
[Black "Shannon, Paul D."]
[Result "1-0"]
[WhiteElo "1779"]
[BlackElo "1815"]

1. e4 e5 2. Nf3 d6 3. Bc4 Be7 4. d4 exd4 5. Nxd4 Nf6 6. Nc3 O-O 7. Bb3 Na6
8. O-O Nc5 9. f3 Nxb3 10. axb3 h6 11. Be3 Re8 12. Qd3 Bf8 13. Rae1 c6 14. 
Re2 Nd7 15. Rfe1 Ne5 16. Qd2 Ng6 17. Bf2 a6 18. Nf5 Bxf5 19. exf5 Rxe2 20.
 Rxe2 Ne5 21. h3 f6 22. f4 Nf7 23. g4 d5 24. Re6 Bd6 25. h4 Qc7 26. Ne2 
Kf8 27. c3 Re8 28. b4 Qd7 29. Qe3 Nd8 30. Rxe8+ Qxe8 31. Qd3 Nf7 32. Nd4 
Kg8 33. Ne6 Bb8 34. Bc5 Nd6 35. Bxd6 Bxd6 36. Kg2 Qb8 37. Kf3 Kf7 38. Qe3 
b6 39. g5 a5 40. Nd4 fxg5 41. hxg5 hxg5 42. Qe6+ Kf8 43. Qg6 Bxf4 44. Ne6+
Ke7 45. Qxg7+ Kd6 46. Qg6 Ke7 47. Qg7+ Kd6 48. Qf7 axb4 49. f6 bxc3 50. 
Qe7+ Ke5 51. Nxf4+ 1-0

[Event "S60279 Premier Quad"]
[Site "CCLA"]
[Date "2017.01.07"]
[Round "?"]
[White "Thomas, Gerald K."]
[Black "Anderson, Clarence"]
[Result "0-1"]
[WhiteElo "1901"]
[BlackElo "1853"]

1. e4 d6 2. d4 Nf6 3. Nc3 Nbd7 4. Nf3 e5 5. dxe5 dxe5 6. Bg5 c6 7. Bd3 Be7
8. O-O O-O 9. Bh4 Qc7 10. Re1 Nc5 11. h3 Ne6 12. Bg3 Bd6 13. Qd2 Nh5 14. 
Bh2 Nef4 15. Bf1 Ng6 16. Be2 Nhf4 17. Bxf4 Nxf4 18. Bf1 Rd8 19. Rad1 Be6 
20. Qe3 h6 21. Ne2 Ng6 22. a3 a5 23. Rd2 Bc4 24. Ng3 Bxf1 25. Rxf1 Rd7 26.
 Nf5 Bf8 27. Rfd1 Rad8 28. Rxd7 Rxd7 29. Rxd7 Qxd7 30. Qd2 Qc7 31. g3 Bc5 
32. b4 axb4 33. axb4 Bf8 34. c4 f6 35. c5 Kh7 36. N3h4 Nxh4 37. Nxh4 g6 
38. Ng2 b6 39. Qc2 bxc5 40. bxc5 Qe7 41. Ne1 Qxc5 42. Qxc5 Bxc5 43. Nd3 
Bd4 44. Kf1 f5 45. exf5 gxf5 46. f3 c5 47. Ke2 Kg6 48. h4 c4 49. Nb4 c3 
50. Nc2 Kh5 51. Kf1 Bb6 52. Kg2 f4 53. gxf4 exf4 54. Kh3 Bf2 55. Nb4 Bxh4 
56. Nc2 Bg3 57. Nb4 Kg5 58. Nc2 h5 59. Nd4 Kf6 0-1

[Event "S60211 Summer Series"]
[Site "CCLA"]
[Date "2016.07.31"]
[Round "?"]
[White "Thomas, Gerald K."]
[Black "Shannon, Paul D."]
[Result "1-0"]
[WhiteElo "1901"]
[BlackElo "1828"]

1. e4 e5 2. Nf3 d6 3. Nc3 Nf6 4. d4 Nbd7 5. Be2 Be7 6. O-O O-O 7. Qd3 Re8 
8. Rd1 c6 9. a3 Qc7 10. h3 Bf8 11. Be3 b6 12. dxe5 dxe5 13. b4 Bb7 14. Qc4
h6 15. Rab1 Rac8 16. Qa2 Rcd8 17. Bc4 Re7 18. Nh4 b5 19. Bb3 Nb6 20. Rxd8 
Qxd8 21. Ng6 Rc7 22. Nxe5 Qe8 23. Bd4 Nc8 24. f3 Nd6 25. Ng6 Nc8 26. Rd1 
Nh7 27. Ne2 Ng5 28. h4 Nh7 29. Nef4 a5 30. Ne6 Rd7 31. Ngxf8 Nxf8 32. Nxg7
Qd8 33. Bxf7+ Rxf7 34. Nf5 1-0

[Event "S60329 Regular Quad"]
[Site "CCLA"]
[Date "2017.01.07"]
[Round "?"]
[White "Williams, Rufus H."]
[Black "Parenteau, Mike"]
[Result "0-1"]
[WhiteElo "1375"]
[BlackElo "1618"]

1. e4 d6 2. d4 Nf6 3. Nc3 Nbd7 4. Nf3 e5 5. dxe5 dxe5 6. Bc4 Be7 7. a3 O-O
8. O-O c6 9. b4 b5 10. Bb3 Qc7 11. Re1 a6 12. Bb2 c5 13. bxc5 Nxc5 14. Ba2
Bb7 15. Nd5 Nxd5 16. Bxe5 Nc3 17. Bxc7 Nxd1 18. Rexd1 Bxe4 19. Bb1 Bf6 20.
 Ra2 Na4 21. Ba5 Bf5 22. h3 Be6 23. g4 Bxa2 24. Bxa2 Rac8 25. Bb1 Nb2 26. 
Rd2 Nc4 27. Rd6 Nxd6 28. Bb4 h6 29. Bxd6 Rfd8 30. Bb4 Rd1+ 0-1

[Event "S67049 Gustafson Memorial Open"]
[Site "CCLA"]
[Date "2016.11.20"]
[Round "?"]
[White "Ragan, Anthony"]
[Black "Anderson, Clarence"]
[Result "1-0"]
[WhiteElo "1799"]
[BlackElo "1853"]

1. e4 d6 2. d4 Nf6 3. Nc3 Nbd7 4. Nf3 e5 5. Bc4 Be7 6. O-O c6 7. a4 a5 8. 
Re1 h6 9. b3 Qc7 10. Ba3 Nf8 11. d5 Ng6 12. Nd2 Nf4 13. Nf1 g5 14. Ne3 g4 
15. Kh1 h5 16. Qd2 Bd7 17. Rad1 h4 18. dxc6 bxc6 19. Bxd6 Qd8 20. Bxe5 
N4h5 21. Bd6 g3 22. Bxe7 Qxe7 23. Nf5 Qe5 24. Nd6+ Ke7 25. Nxf7 Qc5 26. e5
gxf2 27. exf6+ Kxf6 28. Ne4+ 1-0

[Event "S60279 Premier Quad"]
[Site "CCLA"]
[Date "2017.01.07"]
[Round "?"]
[White "Stevens, Daniel L."]
[Black "Anderson, Clarence"]
[Result "0-1"]
[WhiteElo "1743"]
[BlackElo "1853"]

1. e4 d6 2. d4 Nf6 3. Nc3 Nbd7 4. Nf3 e5 5. Bc4 Be7 6. O-O c6 7. a4 a5 8. 
Re1 h6 9. h3 Qc7 10. Be3 g5 11. d5 Nf8 12. Ra3 Ng6 13. Nh2 Bd7 14. dxc6 
bxc6 15. Rb3 Rb8 16. Ng4 Nxg4 17. hxg4 Rxb3 18. cxb3 Qc8 19. Be2 Nf4 20. 
Bxf4 gxf4 21. Kh2 Be6 22. Nb1 Qb8 23. Nd2 Qb6 24. Qc2 Qxf2 25. Qxc6+ Kf8 
26. Nf3 Bxg4 27. Qc3 Rg8 28. Ng1 Bxe2 0-1

[Event "S60119 Premier Quad"]
[Site "CCLA"]
[Date "2016.05.09"]
[Round "?"]
[White "Vecchio, Ralph"]
[Black "Shannon, Paul D."]
[Result "0-1"]
[WhiteElo "1730"]
[BlackElo "1828"]

1. e4 e5 2. Nf3 d6 3. d4 Nf6 4. Nc3 Nbd7 5. Bc4 Be7 6. O-O O-O 7. Re1 c6 
8. a4 b6 9. b3 Bb7 10. Bg5 h6 11. Bxf6 Bxf6 12. Ne2 Qc7 13. Ng3 g6 14. Qd2
Kh7 15. d5 c5 16. a5 Bg7 17. a6 Bc8 18. Qe2 Nf6 19. h3 Ng8 20. Qd2 Bd7 21.
 Bd3 Ne7 22. Nh2 f5 23. c4 Rf7 24. exf5 gxf5 25. Ng4 e4 26. Nxe4 fxe4 27. 
Rxe4 Bf5 28. Rae1 Raf8 29. Re6 Bxd3 30. Qxd3+ Nf5 31. Ne3 Kg8 32. Ng4 h5 
33. Qe3 Nxe3 0-1

[Event "S60061 Winter Series"]
[Site "CCLA"]
[Date "2016.01.28"]
[Round "?"]
[White "McLaughlin, Ed"]
[Black "Laaman, Thomas"]
[Result "1/2-1/2"]
[WhiteElo "1633"]
[BlackElo "1477"]

1. e4 e5 2. Nf3 Nf6 3. Nc3 Bb4 4. Nd5 Nxd5 5. exd5 d6 6. c3 Bc5 7. Bb5+ 
Nd7 8. O-O O-O 9. d4 exd4 10. Nxd4 Nf6 11. b4 Bb6 12. c4 Bd7 13. Bxd7 Qxd7
14. Bb2 h6 15. a4 a6 16. Qf3 Qg4 17. Qxg4 Nxg4 18. h3 Ne5 19. Nf5 Rfe8 20.
 Rfd1 f6 21. Rac1 Ng6 22. Nd4 Bxd4 23. Bxd4 Nf4 24. Kf1 Re7 25. Be3 Ng6 
26. c5 dxc5 27. Bxc5 Rd7 28. d6 c6 29. Bb6 Nf4 30. b5 axb5 31. axb5 Nd5 
32. bxc6 bxc6 33. Rxc6 Nxb6 34. Rxb6 Kf7 35. g4 g5 36. Kg2 Ra3 37. Rc6 
1/2-1/2

[Event "S60051 Winter Series"]
[Site "CCLA"]
[Date "2016.01.28"]
[Round "?"]
[White "Smiley, William R."]
[Black "Laaman, Thomas"]
[Result "0-1"]
[WhiteElo "1563"]
[BlackElo "1633"]

1. e4 e5 2. Nf3 Nf6 3. Nxe5 d6 4. Nf3 Nxe4 5. d4 d5 6. Bd3 Nc6 7. h3 Be7 
8. c3 O-O 9. O-O Re8 10. Bxe4 dxe4 11. Nfd2 f5 12. Nc4 b5 13. Ne5 Nxe5 14.
 dxe5 Qxd1 15. Rxd1 Be6 16. Be3 c5 17. b3 Red8 18. Nd2 Rd7 19. Nf1 Rad8 
20. Rxd7 Rxd7 21. Rc1 g5 0-1

[Event "S60241 Summer Series"]
[Site "CCLA"]
[Date "2016.07.31"]
[Round "?"]
[White "Martindale, Roger"]
[Black "Selby, Robin"]
[Result "0-1"]
[WhiteElo "1190"]
[BlackElo "1226"]

1. e4 e5 2. Nf3 Nc6 3. a3 d5 4. Bb5 Nf6 5. Bxc6+ bxc6 6. Nxe5 Bd6 7. Nxc6 
Qd7 8. exd5 O-O 9. Nc3 Ba6 10. d3 Rae8+ 11. Be3 h6 12. O-O Bb7 13. Nb5 
Bxc6 14. Nxd6 Qxd6 15. c4 Bb7 16. h3 c6 17. Rc1 Re7 18. b4 cxd5 19. c5 Qc6
20. Bf4 d4 21. f3 Nh5 22. Bd2 Rfe8 23. Re1 Re6 24. Rxe6 Rxe6 25. Qf1 Rg6 
26. Qf2 Qa4 27. Qxd4 Qc6 28. Qd8+ Kh7 29. Re1 Qxf3 30. Re2 Qxe2 0-1